Φορτώνει......

Netware Lite Made Easy

Λεπτομέρειες βιβλιογραφικής εγγραφής
Κύριος συγγραφέας: Feldman, Phil
Άλλοι συγγραφείς: Rugg, Tom
Μορφή: Printed Book
Γλώσσα:English
Έκδοση: Berkely Osborne McGraw-Hill 1992
Θέματα:
LEADER 00580nam a2200193 a 4500
005 20151026131636.0
008 960221s1955 dcuabcdjdbkoqu001 0deng d
003 ViArRB
020 |a 0-07-88125-7 
100 |a Feldman, Phil 
245 |a Netware Lite Made Easy 
260 |a Berkely Osborne  |b McGraw-Hill  |c 1992 
300 |a xxv, 454p 
500 |a   
653 |a Networking - Computer  |a LAN  |a Computer science 
700 |a Rugg, Tom 
942 |c BK  |6 _ 
999 |c 32011  |d 32011 
952 |0 0  |1 0  |2 udc  |4 0  |6 004732_FEL  |7 0  |9 43650  |a UL  |b UL  |d 2010-06-16  |o 004.732 FEL  |p 00044528  |r 2010-06-16  |w 2010-06-16  |y BK